Comparative Analysis of the Lip Seal in Hydraulic Power Cylinder; Applied Mechanics and Materials; Vol. 770 : Urgent Problems of Up-to-Date Mechanical Engineering
| Parent link: | Applied Mechanics and Materials: Scientific Journal Vol. 770 : Urgent Problems of Up-to-Date Mechanical Engineering.— 2015.— [P. 402-406] |
|---|---|
| Hovedforfatter: | |
| Institution som forfatter: | |
| Andre forfattere: | |
| Summary: | Title screen The nature of the hydraulic power cylinder seal assembly operation with high working fluid pressure, different geometrical parameters of lip-type seal, is revealed. The method of hermetic sealing process modeling according to the simplified model using finite element method is considered. Режим доступа: по договору с организацией-держателем ресурса |
| Sprog: | engelsk |
| Udgivet: |
2015
|
| Serier: | Designing and Modelling of Machines and Mechanisms |
| Fag: | |
| Online adgang: | http://dx.doi.org/10.4028/www.scientific.net/AMM.770.402 |
| Format: | MixedMaterials Electronisk Book Chapter |
| KOHA link: | https://koha.lib.tpu.ru/cgi-bin/koha/opac-detail.pl?biblionumber=643605 |
MARC
| LEADER | 00000nla2a2200000 4500 | ||
|---|---|---|---|
| 001 | 643605 | ||
| 005 | 20231102025258.0 | ||
| 035 | |a (RuTPU)RU\TPU\network\8600 | ||
| 035 | |a RU\TPU\network\8448 | ||
| 090 | |a 643605 | ||
| 100 | |a 20150917a2015 k y0engy50 ba | ||
| 101 | 0 | |a eng | |
| 105 | |a a z 101zy | ||
| 135 | |a drcn ---uucaa | ||
| 181 | 0 | |a i | |
| 182 | 0 | |a b | |
| 200 | 1 | |a Comparative Analysis of the Lip Seal in Hydraulic Power Cylinder |f G. D. Buyalich, K. G. Buyalich | |
| 203 | |a Text |c electronic | ||
| 225 | 1 | |a Designing and Modelling of Machines and Mechanisms | |
| 300 | |a Title screen | ||
| 330 | |a The nature of the hydraulic power cylinder seal assembly operation with high working fluid pressure, different geometrical parameters of lip-type seal, is revealed. The method of hermetic sealing process modeling according to the simplified model using finite element method is considered. | ||
| 333 | |a Режим доступа: по договору с организацией-держателем ресурса | ||
| 461 | 0 | |0 (RuTPU)RU\TPU\network\5920 |t Applied Mechanics and Materials |o Scientific Journal | |
| 463 | 0 | |0 (RuTPU)RU\TPU\network\8263 |t Vol. 770 : Urgent Problems of Up-to-Date Mechanical Engineering |o International conference, December 11-12, 2014, Yurga, Russia |o [proceedings] |f National Research Tomsk Polytechnic University (TPU) ; ed. D. A. Chinakhov |v [P. 402-406] |d 2015 | |
| 610 | 1 | |a электронный ресурс | |
| 610 | 1 | |a труды учёных ТПУ | |
| 610 | 1 | |a сравнительный анализ | |
| 610 | 1 | |a сальники | |
| 610 | 1 | |a гидравлические цилиндры | |
| 610 | 1 | |a гидравлические приводы | |
| 610 | 1 | |a метод конечных элементов | |
| 610 | 1 | |a силовые цилиндры | |
| 610 | 1 | |a уплотнения | |
| 700 | 1 | |a Buyalich |b G. D. |c Mining engineer |c Professor of Yurga Technological Institute (branch) of Tomsk Polytechnic University, Doctor of technical sciences |f 1952- |g Gennadiy Daniilovich |2 stltpush |3 (RuTPU)RU\TPU\pers\35140 |9 18415 | |
| 701 | 1 | |a Buyalich |b K. G. | |
| 712 | 0 | 2 | |a Национальный исследовательский Томский политехнический университет (ТПУ) |b Юргинский технологический институт (филиал) (ЮТИ) |b Кафедра горно-шахтного оборудования (ГШО) |h 2088 |2 stltpush |3 (RuTPU)RU\TPU\col\18984 |
| 801 | 2 | |a RU |b 63413507 |c 20150917 |g RCR | |
| 856 | 4 | 0 | |u http://dx.doi.org/10.4028/www.scientific.net/AMM.770.402 |
| 942 | |c CF | ||